000 00930cam a2200277 4500
001 1727629
003 ARRUPE
005 20220517084649.0
008 730620s1973 enkabc 000 0beng
010 _a 73161699
015 _aB73-74361
020 _a0575015101
040 _aDLC
_cDLC
_dDLC
050 0 0 _aDT448.25.N9
_bS64 1973
082 0 0 _a967.8/04/0924
_aB
100 1 _aSmith, William Edgett.
_951592
240 1 0 _aWe must run while they walk
245 1 0 _aNyerere of Tanzania.
_cWilliam E. Smith
260 _aHarare,
_bZimbabwe Publishing House,
_c1971.
300 _a207, [4] p.
_b1 illus., maps (on lining papers), ports.
_c22 cm.
350 _a£2.50
500 _aAmerican ed. published under title: We must run while they walk; a portrait of Africa's Julius Nyerere.
600 1 0 _aNyerere, Julius K.,
_d1922-1999.
_913382
906 _a7
_bcbc
_corignew
_d3
_encip
_f19
_gy-gencatlg
942 _2lcc
_cMONOGRAPH
999 _c131429
_d131429